000 00276nam a22001217a 4500
008 160521b xxu||||| |||| 00| 0 eng d
020 _a9780072324815
020 _a0072324813
041 _aeng
080 _a579
245 _aHuman biology:
_cSylvia S. Mader;
942 _2udc
_cBK
999 _c2340
_d2340